000 00294nam a22001337a 4500
008 170731b xxu||||| |||| 00| 0 eng d
020 _a9780619056704
041 _aeng
080 _a004
100 _a32
101 _aSHK
245 _aMICROSOFT EXCEL 2002 MOUS
_cCLEMENS,B
942 _2udc
_cBK
999 _c22281
_d22281